प्राचीन भारतीय ज्ञानप्रणली ( Indain Knowledge System) (Record no. 1214036)

MARC details
000 -LEADER
fixed length control field 00555nam a2200133Ia 4500
008 - FIXED-LENGTH DATA ELEMENTS--GENERAL INFORMATION
fixed length control field 260101s2024 xx 000 0 und d
020 ## - INTERNATIONAL STANDARD BOOK NUMBER
International Standard Book Number 9789361867071
041 ## - LANGUAGE CODE
Language code of text/sound track or separate title hin
082 ## - DEWEY DECIMAL CLASSIFICATION NUMBER
Classification number 200
Item number WAG
100 ## - MAIN ENTRY--PERSONAL NAME
Personal name डॉ. शैलेश कुमार वाघ , प्रा. सिद्धार्ध सोनावणे
245 ## - TITLE STATEMENT
Title प्राचीन भारतीय ज्ञानप्रणली ( Indain Knowledge System)
260 ## - PUBLICATION, DISTRIBUTION, ETC.
Name of publisher, distributor, etc. अथर्व पब्लिकेशन , धुळे
Date of publication, distribution, etc. 2024
300 ## - PHYSICAL DESCRIPTION
Extent P-१८४
Other physical details S-22x14
Holdings
Withdrawn status Lost status Damaged status Not for loan Collection Home library Current library Shelving location Date acquired Source of acquisition Cost, normal purchase price Total Checkouts Full call number Barcode Date last seen Price effective from Koha item type
          College of Engineering for Women, Pune College of Engineering for Women, Pune   01/01/2026 अथर्व पब्लिकेशन , जळगाव 195.00   200/WAG EWP-22699 01/01/2026 01/01/2026 Book